<?xml version="1.0" encoding="UTF-8"?>
<record
    xmlns:xsi="http://www.w3.org/2001/XMLSchema-instance"
    xsi:schemaLocation="http://www.loc.gov/MARC21/slim http://www.loc.gov/standards/marcxml/schema/MARC21slim.xsd"
    xmlns="http://www.loc.gov/MARC21/slim">

  <leader>01818nam a22001577a 4500</leader>
  <datafield tag="999" ind1=" " ind2=" ">
    <subfield code="c">521774</subfield>
    <subfield code="d">521774</subfield>
  </datafield>
  <controlfield tag="008">230227b           ||||| |||| 00| 0 eng d</controlfield>
  <datafield tag="100" ind1=" " ind2=" ">
    <subfield code="a">Gupta, S.K., Bhatia, N. and Bhagat, M. </subfield>
    <subfield code="9">37672</subfield>
  </datafield>
  <datafield tag="245" ind1=" " ind2=" ">
    <subfield code="a">A review of employee turnover models and their role in evolution of turnover literature</subfield>
  </datafield>
  <datafield tag="260" ind1=" " ind2=" ">
    <subfield code="a">The Indian Journal of Labour Economics  </subfield>
  </datafield>
  <datafield tag="300" ind1=" " ind2=" ">
    <subfield code="a">65(1), Jan-Mar, 2022: p.184-214</subfield>
  </datafield>
  <datafield tag="520" ind1=" " ind2=" ">
    <subfield code="a">Fewer works in turnover literature has tried to condense the disparate researches and unearth the core constructs and original theories behind the turnover models. The current works present a brief account of evolution of turnover models from inception to the present years along with finding their core constructs acknowledging base theories they have originated from. Major turnover models that has shaped the cumulative literature today has been identified and discussed chronologically in brief for their importance and limitations. Most of turnover models are dominated by the theories of attitude, motivation and decision. While almost all traditional core turnover models are attitude centric, the modern turnover models are radically different, more complex and comprehensive and use attitudes differently. The current work presents a summarised account of the vast and diverse turnover literature, which will provide researchers useful insights on identifying core constructs and theoretical origin of various turnover models and trends in the turnover research. The current work also creates a summary of various determinants of turnover that evolved over years along with a hypothesised model of employee turnover. &#x2013; Reproduced</subfield>
  </datafield>
  <datafield tag="650" ind1=" " ind2=" ">
    <subfield code="a">Employee turnover, Models, Trends in turnover research. </subfield>
    <subfield code="9">35982</subfield>
  </datafield>
  <datafield tag="773" ind1=" " ind2=" ">
    <subfield code="a">The Indian Journal of Labour Economics  </subfield>
  </datafield>
  <datafield tag="906" ind1=" " ind2=" ">
    <subfield code="a">LABOUR</subfield>
  </datafield>
  <datafield tag="942" ind1=" " ind2=" ">
    <subfield code="c">AR</subfield>
  </datafield>
  <datafield tag="952" ind1=" " ind2=" ">
    <subfield code="0">0</subfield>
    <subfield code="1">0</subfield>
    <subfield code="2">ddc</subfield>
    <subfield code="4">0</subfield>
    <subfield code="7">0</subfield>
    <subfield code="9">396472</subfield>
    <subfield code="a">IIPA</subfield>
    <subfield code="b">IIPA</subfield>
    <subfield code="d">2023-02-27</subfield>
    <subfield code="h">65(1), Jan-Mar, 2022: p.184-214</subfield>
    <subfield code="p">AR128104</subfield>
    <subfield code="r">2023-02-27</subfield>
    <subfield code="y">AR</subfield>
  </datafield>
</record>
